000 00548nam a2200181Ia 4500
003 GCL
008 140319s9999 xx 000 0 ara d
040 _aGCL /
_cGCL
082 0 4 _a621.9003
_bا م
100 1 _aاحمد فؤاد راشد
245 1 0 _aمعجم مصطلحات هندسة الانتاج /
_cاحمد فؤاد راشد
260 _aالرياض :
_bجامعة الملك عبدالعزيز
300 _a212 ص ؛
_c24 سم
490 _a
650 0 4 _aالمعادن
650 0 4 _aهندسة الانتاج
942 _2ddc
_cBK
999 _c34610
_d34610